A Plan of Crescent Sugar Plantation in the Parish of Saint Mary County of Middlesex, Jamaica (Record no. 116846)

MARC details
000 -LEADER
fixed length control field 00790cem a22001935a 4500
001 - CONTROL NUMBER
control field L140354
008 - FIXED-LENGTH DATA ELEMENTS--GENERAL INFORMATION
fixed length control field 070919s1812 jm a 0 eng u
035 ## - SYSTEM CONTROL NUMBER
System control number (Sirsi) u140354
041 0# - LANGUAGE CODE
Language code of text/sound track or separate title eng
110 2# - MAIN ENTRY--CORPORATE NAME
Corporate name or jurisdiction name as entry element Pr. Stevenson and Smith
245 02 - TITLE STATEMENT
Title A Plan of Crescent Sugar Plantation in the Parish of Saint Mary County of Middlesex, Jamaica
Remainder of title the property of C. Beckford Long Esquire surveyed at request of Joseph Green Esquire A. D. 1812 Pr. Stevenson and Smith Surveyors
Medium [cartographic material]
255 ## - CARTOGRAPHIC MATHEMATICAL DATA
Statement of scale Scale 1:7920
260 ## - PUBLICATION, DISTRIBUTION, ETC.
Place of publication, distribution, etc. S.l.
Name of publisher, distributor, etc. s.n.
Date of publication, distribution, etc. 1812
300 ## - PHYSICAL DESCRIPTION
Extent 1 map
Other physical details col.
Dimensions 52 x 70 cm.
500 ## - GENERAL NOTE
General note Inset gives references to land utilisation.
651 4# - SUBJECT ADDED ENTRY--GEOGRAPHIC NAME
Geographic name Jamaica
690 ## - LOCAL SUBJECT ADDED ENTRY--TOPICAL TERM (OCLC, RLIN)
Topical term or geographic name as entry element ENVIRONMENTAL AND LAND CONSULTANCY-GEOMATICS-MAPPING AND POSITIONING-CARTOGRAPHY
942 ## - ADDED ENTRY ELEMENTS (KOHA)
Suppress in OPAC 0
Holdings
Withdrawn status Lost status Source of classification or shelving scheme Damaged status Not for loan Home library Current library Shelving location Date acquired Total Checkouts Full call number Barcode Date last seen Copy number Price effective from Koha item type
    Dewey Decimal Classification     Historic collection Historic collection Safe 19/09/2007   MAP & PLAN BOX L1 140354-2001 26/11/2025 1 06/08/2019 Archive